Statistiques concernant Classement de la Ligue 1 2021-2022

Cliquez ici pour prendre le quiz!

Statistiques générales

  • Ce quiz a été pris 296 fois
    (79 depuis la dernière actualisation)
  • Le résultat moyen est 17 sur 20

Statistiques - réponses

ClassementClub% Correct
2
Olympique de Marseille (71 pts)
100%
10LOSC Lille (55 pts)
100%
8Olympique Lyonnais (61 pts)
100%
1Paris-SG (86 pts)
100%
3AS Monaco (69 pts)
96%
18AS Saint-Étienne (32 pts)
96%
4Stade Rennais FC (66 pts)
96%
5OGC Nice (66 pts)
93%
7RC Lens (62 pts)
91%
9FC Nantes (55 pts)
88%
20Girondins de Bordeaux (31 pts)
88%
11Stade Brestois 29 (48 pts)
88%
13Montpellier HSC (43 pts)
85%
19FC Metz (31 pts)
84%
6RC Strasbourg (63 pts)
82%
14Angers SCO (41 pts)
79%
12Stade de Reims (46 pts)
74%
17Clermont Foot (36 pts)
72%
16
FC Lorient (36 pts)
72%
15
ESTAC Troyes (38 pts)
62%

Distribution des résultats

Percentile par nombre de réponses

% des personnes avec chaque résultat

Votre développement - résultats

Vous n’avez pas pris ce quiz depuis la dernière actualisation